A-Z: Answers containing "Line" - Statistics

General Stats
  • This quiz has been taken 13 times
  • The average score is 9 of 26
Answer Stats
Initial Clue Answer % Correct
F Cat Feline
91%
O Not connected to a computer network Offline
91%
B One who comes from the capital of Germany Berliner
82%
G The North American word for petrol Gasoline
82%
A Natural hormone which gives us our "fight or flight" response or "rush" Adrenaline
73%
E Makeup applied along the rim beside our visual organs on the face Eyeliner
64%
I Lean, sit at an angle Incline
64%
L Material from the flax plant, used to make towels, bedsheets, etc Linen
64%
U To emphasize; or draw a thin horizontal bar beneath text Underline
55%
C The state of being free of dirt, tidy Cleanliness
45%
K Compassion, willingness to help or show empathy Kindliness
36%
T Stretchy, elevated surface held by springs, which we bounce up and down on Trampoline
36%
D Describe something precisely; indicate the position of a border/boundary Delineate
27%
N The London Underground route which is black on the map Northern line
27%
H The state of being sacred, religious Holiness
18%
M Semi-clean psychedelic drug that comes from the peyote cactus Mescaline
18%
R Rev a car engine beyond the recommended RPM limit Redline
18%
V Slight variation of violet Violine
18%
J A merry attitude associated with Father Christmas Jolliness
9%
P System by which a person's inheritance of property, name, or titles comes from their father's side of the family Patrilineage
9%
Q One of five nitrogen-based chemicals, obtained usually by distillation of coal tar Quinoline
0%
S A daft attitude; childish capers Silliness
0%
W The quality of being experienced and sophisticated Worldliness
0%
X Suffering anemia, relax on a hilltop where tight rock-shield lichen grows Xanthoparmelia lineola
0%
Y Construction company of Washington state Yoline
0%
Z The definition of this one is: the fur of the sable, or similar fabric Zibeline
0%
No matching quizzes found
Score Distribution
Percent of People with Each Score
Percentile by Number Answered
Your Score History
You have not taken this quiz